[Event "Mogliano Veneto op-B 43th"]
[Site "Mogliano Veneto"]
[Date "2023.04.23"]
[Round "1"]
[White "Fazekas, Kevin Gabriel"]
[Black "Belloni, Umberto"]
[Result "0-1"]
[WhiteElo "999"]
[BlackElo "1485"]
[PlyCount "86"]
[EventDate "2023.04.23"]
[EventType "swiss"]
[EventRounds "5"]
[EventCountry "ITA"]
[SourceTitle "EXT 2024"]
[Source "ChessBase"]
[SourceDate "2023.10.10"]
[SourceVersion "1"]
[SourceVersionDate "2023.10.10"]
[SourceQuality "1"]

1. e4 e6 2. d4 d5 3. e5 c5 4. Nf3 Nc6 5. c3 Bd7 6. Be2 c4 7. 0-0 b5 8. Bf4 a5 9. a3 Qb8 10. b3 f5 11. Nbd2 a4 12. b4 Be7 13. Rb1 Qd8 14. Ng5 Bxg5 15. Bxg5 Qxg5 16. Nf3 Qh6 17. Bxc4 bxc4 18. b5 Nd8 19. b6 Nb7 20. g3 Qh5 21. Kg2 Ne7 22. Re1 g5 23. Nxg5 Qxd1 24. Rexd1 h6 25. Nxe6 Bxe6 26. Rb5 Bd7 27. Rxd5 Nxd5 28. e6 Bxe6 29. Re1 Kd7 30. Re5 Nxc3 31. Re3 Nd5 32. Re5 c3 33. Re1 c2 34. Rc1 Rac8 35. h4 Nxb6 36. g4 fxg4 37. Kg3 Rhf8 38. Rxc2 Rxc2 39. h5 Rf3+ 40. Kg2 Rcxf2+ 41. Kg1 g3 42. d5 Bh3 43. d6 Rf1# 0-1